00450nam a2200193Ia 4500003000400000005001700004008004100021020001800062040000700080041000800087082001700095100001800112245002800130260004500158300001500203365001300218650001700231650000800248OSt20230511114921.0210423s2011 xx 000 0 und d a9789380280158 cAL aeng a346.066 MAIU aMAIYA (Umesh) aTextbook of company law aNew DelhibJagdamba Publishing Co.c2011 aiv,218bPB b175cINR aBusiness Law aLaw